00742cam a2200241 a 4500001000800000005001700008008004100025010001700066020001500083040002300098041000800121060001700129080001400146082001800160100000700178101000800185245008100193504003900274906004500313942001200358999001700370952011300387335251620180309081749.0861120s1987 mnua b 001 0 eng c a 86028236  a0314242473 aDNLM/DLCcDLCdDLC aeng aQU 145 W618u a613.2 WHI00a613.2 WHI2191 a10 aNUT10aUnderstanding nutrition /cEleanor Noss Whitney, Eva May Nunnelley Hamilton. aIncludes bibliographies and index. a7bcbccorignewd1eocipf19gy-gencatlg 2ddccBK c44613d44613 00102udc40708PËKGa002b002cPËKGd2018-03-09l0o613.2 WHIp002-3001430r2018-03-09w2018-03-09yBK